| 000 | 00424nam a2200181Ia 4500 | ||
|---|---|---|---|
| 001 | 3767 | ||
| 005 | 20260306145707.0 | ||
| 008 | 260306t1997||||xx |||||||||||||| ||spa|| | ||
| 041 | _aESP | ||
| 082 |
_a303.34 _bM12 |
||
| 100 |
_aMcFarland, Lynne Joy _eAUT |
||
| 245 | 0 | _aLiderazgo en acción texto impreso | |
| 260 | _c1997 | ||
| 300 |
_a390 páginas : _c |
||
| 650 | _aGEN | ||
| 654 | _aCHU | ||
| 942 |
_cLIB _dJUS _fJUS _2ddc _n |
||
| 999 |
_c3767 _d3767 |
||